Joueuses du top 20 WTA - Janvier 2025 - Mort Subite - Statistiques

Statistiques générales
  • Ce quiz a été pris 264 fois
  • Le résultat moyen est 5 sur 20
Answers on the Grid
Answers color-coded by a green-red scale on the quiz's grid according to % correct below.
Anna KALINSKAYA
Iga SWIATEK
Jelena OSTAPENKO
Marta KOSTYUK
Diana SHNAIDER
Ons JABEUR
Paula BADOSA
Jessica PEGULA
Victoria AZARENKA
Emma RADUCANU
Elena RYBAKINA
Coco GAUFF
Madison KEYS
Mirra ANDREEVA
Daria KASATKINA
Aryna SABALENKA
Caroline GARCIA
Danielle COLLINS
Barbora KREJCIKOVA
Karolina MUCHOVA
Belinda BENCIC
Naomi OSAKA
Leylah FERNANDEZ
Elina SVITOLINA
Katie BOULTER
Emma NAVARRO
Donna VEKIC
Beatriz HADDAD MAIA
Sara ERRANI
Jasmine PAOLINI
Maria SAKKARI
Karolina PLISKOVA
Caroline WOZNIACKI
Sloane STEPHENS
ZHENG Qinwen
 
Statistiques - réponses
Réponse % Correct
Iga SWIATEK
87%
Coco GAUFF
58%
Elena RYBAKINA
50%
Jessica PEGULA
50%
Aryna SABALENKA
35%
Mirra ANDREEVA
28%
Paula BADOSA
27%
Jelena OSTAPENKO
24%
Jasmine PAOLINI
23%
ZHENG Qinwen
22%
Diana SHNAIDER
19%
Daria KASATKINA
18%
Emma NAVARRO
17%
Danielle COLLINS
14%
Anna KALINSKAYA
13%
Barbora KREJCIKOVA
13%
Marta KOSTYUK
9%
Beatriz HADDAD MAIA
7%
Donna VEKIC
6%
Victoria AZARENKA
2%
Aucun quiz correspondant
Distribution des résultats
% des personnes avec chaque résultat
Percentile par nombre de réponses
Votre historique - résultats
Vous n’avez pas pris ce quiz